Intercommunalités de la Marne - Statistiques

Statistiques générales
  • Ce quiz a été pris 48 fois
  • Le résultat moyen est 7 sur 14
Statistiques - réponses
Nombres de Communes Intercommunalités % Correct
143 Grand Reims
100%
46 Communauté d'agglomération de Châlons-en-Champagne
95%
47 Communauté d'agglomération Épernay, Coteaux et Plaine de Champagne
93%
14 Communauté de communes de la Grande Vallée de la Marne
93%
35 Communauté de communes Vitry, Champagne et Der
75%
60 Communauté de communes de l'Argonne Champenoise
61%
62 Communauté de communes de Sézanne Sud-Ouest Marnais
48%
16 Communauté de communes de la Région de Suippes
41%
20 Communauté de communes de la Brie champenoise
32%
51 Communauté de communes des Paysages de la Champagne
32%
14 Communauté de communes du Sud Marnais
23%
28 Communauté de communes de la Moivre à la Coole
18%
40 Communauté de communes Côtes de Champagne et Val de Saulx
14%
25 Communauté de communes Perthois-Bocage et Der
11%
Aucun quiz correspondant
Distribution des résultats
% des personnes avec chaque résultat
Percentile par nombre de réponses
Votre historique - résultats
Vous n’avez pas pris ce quiz